|
|
|
|
| LEADER |
00748nam a2200229Ia 4500 |
| 001 |
CTU_200383 |
| 008 |
210402s9999 xx 000 0 und d |
| 020 |
|
|
|c 90000
|
| 082 |
|
|
|a 428.0071
|
| 082 |
|
|
|b I.61L/ac
|
| 100 |
|
|
|a Thrush, Emily Austin
|
| 245 |
|
0 |
|a Interactions access :
|
| 245 |
|
0 |
|b listening/speaking
|
| 245 |
|
0 |
|c Emily Austin Thrush, Laurie Blass, Robert Baldwin.
|
| 260 |
|
|
|a New York,Tp. Hồ Chí Minh
|
| 260 |
|
|
|b McGraw-Hill,Tổng hợp
|
| 260 |
|
|
|c 2009
|
| 650 |
|
|
|a English language,Tiếng Anh
|
| 650 |
|
|
|x Textbooks for foreign speakers.,Sách giáo khoa dành cho người nước ngoài
|
| 904 |
|
|
|i Bằng
|
| 915 |
|
|
|a 400
|
| 980 |
|
|
|a Trung tâm Học liệu Trường Đại học Cần Thơ
|